000 00726nam a2200289 a 4500
003 AR-BaBNM
005 20251128205636.0
008 082120s2002 ||||||||||||||000 | spa||
020 _a968-23-1738-X
040 _cAR-BaBNM
100 1 _aPoulantzas, Nicos
245 0 0 _aEstado, poder y socialismo
260 _aMéxico, D.F.
_bSiglo Veintiuno
_c1991
300 _a326 p.
650 4 _aESTADO
650 4 _aIDEOLOGIAS
650 4 _aSOCIOLOGIA POLITICA
650 4 _aSOCIEDAD
650 4 _aESTRUCTURA SOCIAL
650 4 _aSISTEMAS SOCIALES
650 4 _aCAMBIO SOCIAL
650 4 _aCIENCIAS SOCIALES
650 4 _aLEGISLACION
700 1 _aClaudín, Fernando
_etraductor
942 _cBK
998 _cMariana
999 _c12202
_d12202